Governance theory and practice : (Record no. 27123)
[ view plain ]
| 000 -LEADER | |
|---|---|
| fixed length control field | 01178cam a22003615i 4500 |
| 001 - CONTROL NUMBER | |
| control field | 015455079 |
| 003 - CONTROL NUMBER IDENTIFIER | |
| control field | Uk |
| 005 - DATE AND TIME OF LATEST TRANSACTION | |
| control field | 20201128024405.0 |
| 008 - FIXED-LENGTH DATA ELEMENTS--GENERAL INFORMATION | |
| fixed length control field | 091223r20102009enk frb 001 0 eng|d |
| 015 ## - | |
| -- | GBB001818 |
| -- | bnb |
| 016 7# - | |
| -- | 015455079 |
| -- | Uk |
| 020 ## - INTERNATIONAL STANDARD BOOK NUMBER | |
| International Standard Book Number | 9780230250390 (pbk.) |
| 020 ## - INTERNATIONAL STANDARD BOOK NUMBER | |
| International Standard Book Number | 0230250394 (pbk.) |
| 035 ## - SYSTEM CONTROL NUMBER | |
| System control number | (StEdNL)4492736 |
| 040 ## - CATALOGING SOURCE | |
| Original cataloging agency | StDuBDS |
| Language of cataloging | eng |
| Transcribing agency | StDuBDS |
| Modifying agency | EG-ScBUE |
| 082 04 - DEWEY DECIMAL CLASSIFICATION NUMBER | |
| Classification number | 306.201 |
| Edition number | 22 |
| Item number | CHH |
| 100 1# - MAIN ENTRY--PERSONAL NAME | |
| Personal name | Chhotray, Vasudha, |
| Dates associated with a name | 1975- |
| 245 10 - TITLE STATEMENT | |
| Title | Governance theory and practice : |
| Remainder of title | a cross-disciplinary approach / |
| Statement of responsibility, etc | Vasudha Chhotray and Gerry Stoker. |
| 264 #1 - PUBLICATION, DISTRIBUTION, ETC. (IMPRINT) | |
| Place of publication, distribution, etc | Hampshire, England : |
| Name of publisher, distributor, etc | Palgrave Macmillan / Macmillan Publishers Limited, |
| Date of publication, distribution, etc | 2010. |
| 300 ## - PHYSICAL DESCRIPTION | |
| Extent | ix, 296 pages ; |
| Dimensions | 22 cm. |
| 336 ## - CONTENT TYPE | |
| Content type term | text |
| Source | rdacontent |
| 337 ## - MEDIA TYPE | |
| Media type term | unmediated |
| Source | rdamedia |
| 338 ## - CARRIER TYPE | |
| Carrier type term | volume |
| Source | rdacarrier |
| 500 ## - GENERAL NOTE | |
| General note | Originally published: 2009. |
| 500 ## - GENERAL NOTE | |
| General note | Includes index. |
| 504 ## - BIBLIOGRAPHY, ETC. NOTE | |
| Bibliography, etc | Bibliography : p. 248-269. |
| 650 #7 - SUBJECT ADDED ENTRY--TOPICAL TERM | |
| Topical term or geographic name as entry element | Political science. |
| Source of heading or term | BUEsh |
| 9 (RLIN) | 1313 |
| 650 #7 - SUBJECT ADDED ENTRY--TOPICAL TERM | |
| Topical term or geographic name as entry element | Economic policy. |
| Source of heading or term | BUEsh |
| 9 (RLIN) | 3322 |
| 650 #7 - SUBJECT ADDED ENTRY--TOPICAL TERM | |
| Topical term or geographic name as entry element | Social policy. |
| Source of heading or term | BUEsh |
| 9 (RLIN) | 1084 |
| 653 ## - INDEX TERM--UNCONTROLLED | |
| Resource For college | BAEPS, Political Science |
| Arrived date list | February2019 |
| 700 1# - ADDED ENTRY--PERSONAL NAME | |
| Personal name | Stoker, Gerry. |
| 9 (RLIN) | 12562 |
| 942 ## - ADDED ENTRY ELEMENTS (KOHA) | |
| Source of classification or shelving scheme | Dewey Decimal Classification |
| Koha item type | Book - Borrowing |
| Withdrawn status | Lost status | Source of classification or shelving scheme | Damaged status | Not for loan | Collection code | Home library | Current library | Shelving location | Date acquired | Source of acquisition | Cost, normal purchase price | Serial Enumeration / chronology | Total Checkouts | Full call number | Barcode | Date last seen | Price effective from | Koha item type |
|---|---|---|---|---|---|---|---|---|---|---|---|---|---|---|---|---|---|---|
| Dewey Decimal Classification | MERIC | Central Library | Central Library | First floor | 12/02/2019 | Purchase | 217.15 | 000292 | 306.201 CHH | 000044172 | 15/07/2025 | 12/02/2019 | Book - Borrowing |